[Event "Stare Mesto op"]
[Site "Stare Mesto"]
[Date "2009.08.17"]
[Round "5"]
[White "Zakhartsov, Viacheslav V"]
[Black "Petr, Martin"]
[Result "1-0"]
[WhiteElo "2541"]
[BlackElo "2478"]
[Annotator "Zakhartsov,Vi"]
[PlyCount "55"]
[EventDate "2009.08.14"]
[EventType "swiss"]
[EventRounds "10"]
[EventCountry "CZE"]
[SourceTitle "EXT 2010"]
[Source "ChessBase"]
[SourceDate "2010.11.25"]
[SourceVersion "1"]
[SourceVersionDate "2010.11.25"]
[SourceQuality "1"]

1. Nf3 d5 2. d4 Nf6 3. c4 e6 4. Nc3 c6 5. Bg5 dxc4 6. e4 b5 7. e5 h6 8. Bh4 g5
9. Nxg5 hxg5 10. Bxg5 Nbd7 11. g3 Qb6 12. exf6 Bb7 13. Bg2 O-O-O 14. O-O c5 15.
d5 b4 16. Na4 Qb5 17. a3 exd5 18. axb4 cxb4 19. Bf4 {This continuation
occurred only in a few games, but here White has an excellent score - 100 per
cent!} Nc5 (19... Qc6 {was played in another game of the same tournament:} 20.
Qd4 Nc5 21. h4 Ne6 22. Bh3 Bd6 23. Bxd6 Qxd6 24. Qxa7 Kc7 25. Bxe6 Qxe6 26.
Rfe1 Qxf6 27. Nc5 Qb6 28. Re7+ Kc6 29. Nxb7 Qxa7 30. Nxd8+ Rxd8 31. Rexa7 {
[%emt 0:33:29] and White won, Plischki-Pukl, Stare Mesto.}) 20. Nxc5 Bxc5 21.
Re1 {Eventually threatening Re7.} (21. h4 {is another way:} Bc6 22. Re1 d4 23.
Qg4+ Rd7 24. Ra5 Qb6 25. Qf5 Bxg2 26. Rxc5+ Bc6 27. Re7 Rhd8 28. Rxf7 Kb7 29.
Rxd7+ Bxd7 30. Qd5+ Bc6 31. Qf7+ Rd7 32. Qxc4 d3 33. Bd2 a5 34. f7 Rd8 35. Rf5
Rf8 36. Qxd3 Qc7 37. Bf4 Qe7 38. Rb5+ Bxb5 39. Qxb5+ Kc8 40. Qc6+ {[%emt 0:33:
26] 1-0 Porper-Lock, Guernsey}) 21... Rde8 $2 {A serious mistake.} (21... Qd7
$1 {was much better:} 22. Ra5 Bb6 23. Re7 (23. Bf3 Rde8 24. Rxe8+ Rxe8 25. Bg4
Re6 {with unclear position}) 23... Bxa5 (23... Qf5 {is worse:} 24. Rb5 Rd7 25.
Rxb4) 24. Rxd7 Rxd7 25. h4 (25. Qa4 Bc7 26. Bxc7 Rxc7 27. Qxb4 Rd8 28. h4 a5 $1
29. Qb5 a4 $1 30. Qxa4 d4 {and the passed d-pawn gives Black enough
counterplay.}) 25... Bc7 26. Bh3 Bxf4 27. Qa4 Rhd8 28. gxf4 d4 29. Qxb4 Kb8 30.
Bxd7 Rxd7 {and again the black d-pawn causes White's anxiety, for example:} 31.
Qxc4 d3 32. Qb5 Rd5 33. Qe8+ Kc7 34. Qxf7+ Rd7 {and White should give
perpetual check.} 35. Qe8 (35. Qc4+ $2 {loses to} Bc6 36. f7 (36. Qc1 d2 37.
Qd1 Bf3 {and Black wins.}) 36... d2 37. f8=Q d1=Q+ 38. Qf1 Qg4+ 39. Kh2 Qxh4+ {
with mate}) 35... d2 36. Qe5+ Kc8) 22. Qg4+ $6 {For some reason I wanted to
provoke Qd7, whereas} (22. Rxe8+ {gave a big advantage:} Qxe8 (22... Rxe8 23.
Qh5 Bc6 (23... Rf8 24. Qe5 {mating in a few moves}) 24. Qxf7 Qb6 25. Bh3+ Kd8
26. Rd1 Qb7 {(threatened 27.Rd5)} 27. Qg6 {with a sad position for Black.}) 23.
Bxd5 Qd7 24. Bxb7+ Qxb7 25. Qe2 Qd5 26. Rc1 {and pawn c4 falls.}) 22... Qd7 (
22... Kd8 $5 {was a worthy attempt, which I had missed during the game:} 23.
Rxe8+ Rxe8 24. Qh5 Qd7 25. Rd1 c3 {(the only move, saving the d-pawn)} 26. bxc3
bxc3 27. Qf3 (27. Bxd5 {??} c2) 27... Qc6 28. Qd3 Bb4 29. h4 {and despite of
White's advantage, Black still can fight.}) 23. Rxe8+ Rxe8 24. Qh5 Bd4 $2 {
The decisive mistake.} (24... Kd8 25. Rd1 {led to 22...Kd8}) 25. Bh3 Re6 26.
Qh8+ Qd8 27. Qg7 Qxf6 28. Bxe6+ 1-0

[Event "Nezhmetdinov Memorial 32nd"]
[Site "Kazan"]
[Date "2010.06.06"]
[Round "7"]
[White "Zakhartsov, Viacheslav V"]
[Black "Isajevsky, Anton"]
[Result "1-0"]
[WhiteElo "2586"]
[BlackElo "2424"]
[Annotator "Zakhartsov,Vi"]
[PlyCount "63"]
[EventDate "2010.05.31"]
[EventType "swiss"]
[EventRounds "9"]
[EventCountry "RUS"]
[SourceTitle "CBM 136 Extra"]
[Source "ChessBase"]
[SourceDate "2010.07.02"]
[SourceVersion "2"]
[SourceVersionDate "2010.07.15"]
[SourceQuality "1"]

1. d4 d5 2. c4 e6 3. Nc3 c6 4. Nf3 Nf6 5. Bg5 dxc4 {A surprise, but a pleasant
one. He never played the Botvinnik before this game.} 6. e4 b5 7. e5 h6 8. Bh4
g5 9. Nxg5 hxg5 10. Bxg5 Nbd7 11. g3 Rg8 12. Bxf6 (12. h4 {, of course, is the
most of principled, but the text is also not without its venom, especially
against an inexperienced player in this variation.}) 12... Nxf6 13. exf6 Qxf6
14. Bg2 Bb7 15. a4 b4 $2 {Probably, he wasn't aware that Black should play} (
15... O-O-O 16. axb5 cxb5 17. Bxb7+ Kxb7 18. Nxb5 Bb4+ 19. Nc3 Rxd4 {(Rogers-M.
Kuijf, Wijk aan Zee 1987). Now the c4-pawn becomes extremely weak.}) 16. Ne4
Qg7 17. Rc1 c3 (17... O-O-O 18. Rxc4 f5 {(Shulman-Cheng, Foxwoods 2007), and
now} 19. Nc5 Bxc5 20. Rxc5 Rxd4 21. Qc1 {gave a big advantage. But now the
black king will be very exposed.}) 18. bxc3 O-O-O 19. Qe2 (19. Qb3 {was
stronger:} bxc3 (19... c5 20. Qc4 Bd5 21. Qa6+ Kb8 22. O-O) (19... Ba6 20. cxb4
Kb8 21. Nc5) 20. Rb1 Rd7 21. O-O a5 22. Nxc3 Bb4 23. Ne2) 19... bxc3 20. O-O
Rxd4 (20... Qxd4 21. Rfd1 Qe5 22. Rxd8+ Kxd8 23. Qc4 {was more tenacious,
although White kept a big advantage.}) 21. Nxc3 Qg4 (21... Kb8 {was strongly
met by} 22. Nb5 {!} cxb5 23. Qxb5 {with decisive mating threats.}) 22. Qe3 Rc4
(22... Kb8 23. Ne4 Qg7 24. Nc5 Bxc5 25. Rxc5 {also hopeless}) 23. Ne4 Rxc1 24.
Rxc1 {With two threats - Nf6 and Qxa7.} Be7 25. Qxa7 Rd8 26. h3 Rd1+ 27. Kh2
Qh5 28. Rxd1 Qxd1 29. a5 Qe2 30. Nc5 Qb5 (30... Qe5 {(allowing mate in 2), is
an move entry error, pointed out in TWIC. Anyway, Black's position is
completely lost.}) 31. a6 Bxa6 32. Qxe7 1-0